| 000 | 00400nam a22001697a 4500 | ||
|---|---|---|---|
| 005 | 20180323125532.0 | ||
| 008 | 160621b xxu||||| |||| 00| 0 eng d | ||
| 020 | _a978-0-07-096518-8 | ||
| 041 | _aeng | ||
| 082 |
_b8777 _a338.5024658 |
||
| 100 |
_aMote, V.L and others _92411 |
||
| 245 | _aManagerial Economics | ||
| 260 |
_bTMH _c2007 |
||
| 300 | _a351 | ||
| 650 |
_aManagement _9241 |
||
| 942 | _cBK | ||
| 999 |
_c3410 _d3409 |
||